Současný pohled na kupónovou privatizaci
Názorová nejednotnosť na kupónovú privatizáciu. Priebeh a dôsledky kupónovej privatizácie v Čechách. Rýchlosť kupónovej privatizácie a jej negatíva.
Gespeichert in:
| 1. Verfasser: | |
|---|---|
| Format: | Buchkapitel |
| Sprache: | Tschechisch |
| Schlagworte: | |
| Tags: |
Keine Tags, Fügen Sie das erste Tag hinzu!
|
MARC
| LEADER | 00000naa a2200000 4500 | ||
|---|---|---|---|
| 001 | r036442 | ||
| 005 | 20230929091328.2 | ||
| 041 | 0 | |a cze | |
| 044 | |a CZ | ||
| 245 | 1 | 0 | |a Současný pohled na kupónovou privatizaci |c Zdenka Vostrovská |
| 520 | |a Názorová nejednotnosť na kupónovú privatizáciu. Priebeh a dôsledky kupónovej privatizácie v Čechách. Rýchlosť kupónovej privatizácie a jej negatíva. | ||
| 610 | 2 | 0 | |a privatizácia |
| 610 | 2 | 0 | |a kupóny |
| 610 | 2 | 0 | |a transformácia |
| 610 | 2 | 0 | |a reformy hospodárske |
| 610 | 2 | 0 | |a kapitál |
| 610 | 2 | 0 | |a podnik |
| 610 | 2 | 0 | |a majetok štátny |
| 610 | 2 | 0 | |a vlastníctvo |
| 610 | 2 | 0 | |a Česko |
| 100 | 1 | |a Vostrovská, Zdenka | |